History Quiz

Random History or Clickable Quiz

We Didn't Start the Fire: Historically Speaking IV Quiz Stats

 Plays Quiz Updated Jun 24, 2018

Score 0/18 Timer 06:00
4 Plays Today
% Correct
Berlin
97.4%
Pope Paul
97.2%
JFK blown away
97.1%
Ho Chi Minh
97.1%
British Beatle-mania
97%
Bay of Pigs Invasion
96.4%
Hemingway
96.3%
John Glenn
96.2%
Malcolm X
96.1%
% Correct
Eichmann
96%
Liston beats Patterson
95.8%
Stranger in a Strange Land
95.7%
British politician sex
95.1%
Richard Nixon back again
95.1%
Ole Miss
94.9%
Dylan
94.7%
Lawrence of Arabia
94%
Birth Control
92.7%

You're not logged in!

Compare scores with friends on all Sporcle quizzes.
OR
Log In

You Might Also Like...

Show Comments

Extras

Top Quizzes Today


Score Distribution

Your Account Isn't Verified!

In order to create a playlist on Sporcle, you need to verify the email address you used during registration. Go to your Sporcle Settings to finish the process.

Report this User

Report this user for behavior that violates our Community Guidelines.

Details: